[Event "Belt and Road Hunan Op A"]
[Site "Changsha CHN"]
[Date "2019.08.03"]
[Round "6.10"]
[White "Parligras, Mircea-Emilian"]
[Black "Tan, Zhongyi"]
[Result "1/2-1/2"]
[WhiteTitle "GM"]
[BlackTitle "GM"]
[WhiteElo "2638"]
[BlackElo "2511"]
[WhiteFideId "1204297"]
[BlackFideId "8603642"]
[EventDate "2019.07.29"]

1. c4 Nf6 2. Nc3 e6 3. e4 d5 4. e5 d4 5. exf6 dxc3 6. bxc3 Qxf6 7. Nf3 Nc6 8. d4
e5 9. Be2 exd4 10. Bg5 Qg6 11. O-O dxc3 12. Re1 Qd6 13. Qc2 Be6 14. Rab1 Be7 15.
Qxc3 O-O 16. Red1 Qa3 17. Qc2 Rfd8 18. Bd3 Rxd3 19. Rxd3 Bf5 20. Rbb3 Qa4 21.
Bxe7 Nxe7 22. h3 Ng6 23. Qd2 Bxd3 24. Qxd3 b6 25. Qd5 Re8 26. Qb5 Qxb5 27. cxb5
Ne5 28. Nxe5 Rxe5 29. Ra3 Rxb5 30. Rxa7 g6 31. Rxc7 Rb1+ 32. Kh2 Rb2 33. Rb7
Rxa2 34. Rxb6 Rxf2 35. h4 Kg7 36. Kg3 Ra2 37. Kf3 h6 38. g3 Ra3+ 39. Kf4 h5 40.
Rc6 Kh6 41. Rb6 Ra1 42. Kf3 Rf1+ 43. Kg2 Rf5 44. Ra6 Kg7 45. Rb6 Re5 46. Kf3
Rf5+ 47. Kg2 Rd5 48. Kf3 Kf8 49. Ra6 Ke7 50. Rb6 Rd6 51. Rb5 Ke6 52. Ke4 Rc6 53.
Re5+ Kf6 54. Ra5 Rc4+ 55. Kf3 Ke6 56. Ra6+ Kd5 57. Ra5+ Rc5 58. Ra7 Ke6 59. Kf4
Rc4+ 60. Kf3 Rc6 61. Kf4 f6 62. Ra5 Rc4+ 63. Kf3 Rd4 64. Ke3 Rd5 65. Ra4 g5 66.
hxg5 fxg5 67. Kf3 Kf5 68. g4+ hxg4+ 69. Kg3 Rd3+ 70. Kg2 Re3 71. Rb4 Re4 72. Rb8
Re2+ 73. Kg3 Re3+ 74. Kg2 g3 75. Rb4 Rc3 76. Ra4 Kg6 77. Rb4 Kh5 78. Ra4 g4 79.
Ra8 Kg5 1/2-1/2

[Event "Belt and Road Hunan Op A"]
[Site "Changsha CHN"]
[Date "2019.08.03"]
[Round "6.11"]
[White "Nguyen, Ngoc Truong Son"]
[Black "Li, Di"]
[Result "1-0"]
[WhiteTitle "GM"]
[BlackTitle "GM"]
[WhiteElo "2636"]
[BlackElo "2523"]
[WhiteFideId "12401110"]
[BlackFideId "8607508"]
[EventDate "2019.07.29"]

1. e4 e5 2. Nf3 Nc6 3. Bb5 Nf6 4. O-O Nxe4 5. d4 Nd6 6. Bxc6 dxc6 7. dxe5 Nf5 8.
Qxd8+ Kxd8 9. Nc3 Ke8 10. h3 Ne7 11. Nd4 Ng6 12. f4 Bc5 13. Be3 h5 14. Nce2 h4
15. Rad1 Ne7 16. f5 Rh5 17. e6 fxe6 18. Nf4 Bxd4 19. Bxd4 Rxf5 20. Bxg7 e5 21.
Nd3 e4 22. Ne5 Be6 23. Rfe1 Rg5 24. Bf6 Rf5 25. Bxe7 Kxe7 26. Rxe4 Rg8 27. Nd3
Kf6 28. Rxh4 Bd5 29. Rd2 Bxa2 30. b3 Bb1 31. Rc4 Rg3 32. Rd1 Rfg5 33. Rxb1 Rxg2+
34. Kh1 Rd2 35. Nc5 b5 36. Ne4+ Ke5 37. Nxd2 Kd5 1-0

[Event "Belt and Road Hunan Op A"]
[Site "Changsha CHN"]
[Date "2019.08.03"]
[Round "6.12"]
[White "Sethuraman, S.P."]
[Black "Bilguun, Sumiya"]
[Result "1/2-1/2"]
[WhiteTitle "GM"]
[BlackTitle "IM"]
[WhiteElo "2630"]
[BlackElo "2482"]
[WhiteFideId "5021596"]
[BlackFideId "4901541"]
[EventDate "2019.07.29"]

1. e4 c5 2. Nf3 e6 3. d4 cxd4 4. Nxd4 a6 5. Bd3 Bc5 6. Nb3 Ba7 7. Qe2 Nc6 8. Be3
Bxe3 9. Qxe3 Nge7 10. O-O e5 11. Rd1 O-O 12. Be2 d6 13. c4 Be6 14. Nc3 Qb8 15.
Nd5 b5 16. c5 Rd8 17. Rd2 Ng6 18. Rad1 dxc5 19. Qxc5 Qb7 20. h4 Rdc8 21. Qe3
Nxh4 22. Nc5 Qa7 23. Nxe6 fxe6 24. Nb6 Nd4 25. Nxc8 Rxc8 26. Bg4 Qe7 27. f4 Ng6
28. fxe5 Nxe5 29. Rxd4 Nxg4 30. Qg3 h5 31. Qd6 Qf6 32. Rf1 Qh6 33. Rd3 Kh7 34.
Rh3 Rc1 35. Qd3 Qf4 36. Qe2 Qg5 37. b4 Kg6 38. Qd3 Qf4 39. Qf3 Rxf1+ 40. Qxf1
Qd2 41. Rd3 Qxb4 42. Qc1 Qxe4 43. Qb1 Kh6 44. Qc1+ Kg6 45. Qb1 Kh6 46. Qc1+ Kg6 1/2-1/2

[Event "Belt and Road Hunan Op A"]
[Site "Changsha CHN"]
[Date "2019.08.03"]
[Round "6.14"]
[White "Narayanan, S.L."]
[Black "Khademalsharieh, Sarasadat"]
[Result "1/2-1/2"]
[WhiteTitle "GM"]
[BlackTitle "IM"]
[WhiteElo "2616"]
[BlackElo "2481"]
[WhiteFideId "5058422"]
[BlackFideId "12512214"]
[EventDate "2019.07.29"]

1. e4 e5 2. Nf3 Nc6 3. Bb5 a6 4. Ba4 Nf6 5. O-O b5 6. Bb3 Bc5 7. a4 Rb8 8. c3 d6
9. d4 Bb6 10. a5 Ba7 11. Be3 Bg4 12. Nbd2 O-O 13. h3 exd4 14. cxd4 Bh5 15. Qc2
Nb4 16. Qc3 c5 17. dxc5 Bxc5 18. Bxc5 dxc5 19. Qxc5 Nd3 20. Qe3 Nxb2 21. e5 Nd5
22. Qd4 Nc4 23. g4 Bg6 24. Nxc4 bxc4 25. Bxc4 Nb4 26. Qxd8 Rfxd8 27. Rfd1 Rxd1+
28. Rxd1 Nc6 29. Rd6 Nxa5 30. Bd5 Kf8 31. Nh4 Rb5 32. f4 Bc2 33. Nf5 Bxf5 34.
gxf5 Ke7 35. Bf3 Nb3 36. Bc6 Rb6 37. Ba4 Rb7 38. Rxa6 Nc5 39. f6+ gxf6 40. exf6+
Kd8 41. Rd6+ Kc8 42. Bc2 Kc7 43. Rd4 h6 44. Rd5 Nd7 45. Rh5 Rb4 46. f5 Nc5 47.
Kf1 Rb2 48. Bd1 Ne4 49. Rh4 Ng3+ 50. Ke1 Nxf5 51. Rh5 Ne3 52. Bf3 Kd6 53. Rxh6
Ke5 54. Bh5 Ng2+ 55. Kf1 Ne3+ 56. Kg1 Rb7 57. Bf3 Rb1+ 58. Kf2 Nf5 59. Rh8 1/2-1/2

[Event "Belt and Road Hunan Op A"]
[Site "Changsha CHN"]
[Date "2019.08.03"]
[Round "6.16"]
[White "Naiditsch, Arkadij"]
[Black "Wang, Chen"]
[Result "1-0"]
[WhiteTitle "GM"]
[BlackTitle "IM"]
[WhiteElo "2681"]
[BlackElo "2476"]
[WhiteFideId "4650891"]
[BlackFideId "8601020"]
[EventDate "2019.07.29"]

1. e4 Nf6 2. e5 Nd5 3. d4 d6 4. Nf3 g6 5. Bc4 Nb6 6. Bb3 Bg7 7. Qe2 d5 8. Bf4 c6
9. Nbd2 h6 10. c3 a5 11. a4 Na6 12. h4 Nc7 13. h5 g5 14. Bg3 Bf5 15. Nf1 Qd7 16.
Ne3 Be6 17. Nd2 O-O 18. f4 f5 19. Bc2 g4 20. Nb3 Nc4 21. Nc5 Nxe3 22. Nxd7 Nxc2+
23. Qxc2 Bxd7 24. Bh4 Kf7 25. O-O b6 26. e6+ Bxe6 27. Rfe1 Rae8 28. Qb3 Na8 29.
Qa3 Bf6 30. Bxf6 Kxf6 31. b4 axb4 32. cxb4 Rd8 33. b5 cxb5 34. Rxe6+ 1-0

[Event "Belt and Road Hunan Op A"]
[Site "Changsha CHN"]
[Date "2019.08.03"]
[Round "6.17"]
[White "Lu, Shanglei"]
[Black "Xu, Zhihang"]
[Result "1/2-1/2"]
[WhiteTitle "GM"]
[BlackTitle "IM"]
[WhiteElo "2619"]
[BlackElo "2501"]
[WhiteFideId "8603332"]
[BlackFideId "8611572"]
[EventDate "2019.07.29"]

1. e4 c5 2. Nf3 Nc6 3. d4 cxd4 4. Nxd4 g6 5. c4 Nf6 6. Nc3 d6 7. Be2 Nxd4 8.
Qxd4 Bg7 9. Be3 O-O 10. Qd2 Be6 11. Rc1 Qa5 12. f3 Rfc8 13. b3 a6 14. Na4 Qxd2+
15. Kxd2 Nd7 16. Nc3 Nc5 17. g4 b5 18. Nd5 Bxd5 19. cxd5 b4 20. Bc4 1/2-1/2

[Event "Belt and Road Hunan Op A"]
[Site "Changsha CHN"]
[Date "2019.08.03"]
[Round "6.18"]
[White "Zhu, Jiner"]
[Black "Oleksiyenko, Mykhaylo"]
[Result "0-1"]
[WhiteTitle "WIM"]
[BlackTitle "GM"]
[WhiteElo "2454"]
[BlackElo "2600"]
[WhiteFideId "8608059"]
[BlackFideId "4152417"]
[EventDate "2019.07.29"]

1. e4 e5 2. Nf3 Nc6 3. Bb5 Nf6 4. O-O Nxe4 5. Re1 Nd6 6. Nxe5 Be7 7. Bf1 Nf5 8.
c3 Nxe5 9. Rxe5 d6 10. Re1 O-O 11. d4 d5 12. Bf4 c5 13. Na3 g5 14. Bd2 c4 15.
Nc2 Be6 16. g3 h6 17. Bg2 Qd7 18. f4 Ng7 19. Ne3 Rfe8 20. b3 Rad8 21. bxc4 dxc4
22. Qf3 b5 23. Rad1 g4 24. Qc6 Rc8 25. Qa6 h5 26. f5 Nxf5 27. Nxf5 Bxf5 28. Re5
b4 29. Rf1 Bg6 30. Bd5 Qd6 31. Qxd6 Bxd6 32. Rxe8+ Rxe8 33. Rf6 Kh7 34. Rxd6 Re2
35. Bg5 Bd3 36. Rf6 Re1+ 37. Kg2 bxc3 38. h3 Re2+ 39. Kg1 Re1+ 40. Kg2 Re2+ 41.
Kg1 gxh3 42. Bf3 Re1+ 43. Kh2 c2 44. d5 Kg7 45. Rc6 c1=Q 46. Bxc1 Rxc1 47. d6
Bf5 48. Rc5 Rc2+ 49. Kh1 Be6 50. Bd5 Kf6 51. d7 Bxd7 52. Rxc4 Rxc4 53. Bxc4 Be6
54. Be2 Bxa2 55. Bxh5 Bb3 0-1

[Event "Belt and Road Hunan Op A"]
[Site "Changsha CHN"]
[Date "2019.08.03"]
[Round "6.19"]
[White "Taher, Yoseph Theolifus"]
[Black "Ju, Wenjun"]
[Result "1/2-1/2"]
[WhiteTitle "IM"]
[BlackTitle "GM"]
[WhiteElo "2460"]
[BlackElo "2595"]
[WhiteFideId "7105347"]
[BlackFideId "8603006"]
[EventDate "2019.07.29"]

1. e4 e5 2. Nf3 Nf6 3. d4 Nxe4 4. Bd3 d5 5. Nxe5 Nd7 6. Nxd7 Bxd7 7. O-O Bd6 8.
Qh5 Qf6 9. Nc3 Qxd4 10. Be3 Qe5 11. Qxe5+ Bxe5 12. Nxd5 Nf6 13. Rae1 Nxd5 14.
Bd4 f6 15. f4 Nxf4 16. Rxf4 O-O 17. Bxe5 fxe5 18. Bc4+ Kh8 19. Rxf8+ Rxf8 20.
Rxe5 Re8 21. Rxe8+ Bxe8 22. Kf2 g5 23. Ke3 1/2-1/2

[Event "Belt and Road Hunan Op A"]
[Site "Changsha CHN"]
[Date "2019.08.03"]
[Round "6.22"]
[White "Liu, Yan"]
[Black "Chu, Wei Chao"]
[Result "1/2-1/2"]
[WhiteTitle "GM"]
[BlackTitle "IM"]
[WhiteElo "2516"]
[BlackElo "2406"]
[WhiteFideId "8608962"]
[BlackFideId "8605661"]
[EventDate "2019.07.29"]

1. Nf3 c5 2. c4 Nc6 3. g3 e5 4. Nc3 g6 5. Bg2 Bg7 6. O-O Nge7 7. d3 O-O 8. a3 d6
9. Rb1 a5 10. Bd2 Rb8 11. Ne1 Be6 12. Nc2 d5 13. cxd5 Nxd5 14. Ne3 Nxe3 15. Bxe3
Nd4 16. Bxd4 exd4 17. Ne4 Qe7 18. a4 c4 19. Qd2 b6 20. dxc4 Bxc4 21. b3 Be6 22.
Qf4 Rfe8 23. Nd2 Bf5 24. Rbe1 Qb4 25. Bd5 Rbd8 26. Bc4 Qf8 27. Nf3 Rd7 28. Qd2
Rde7 29. Rd1 Rd8 30. Rfe1 Be6 31. Bxe6 Rxe6 32. Qd3 Rc6 33. Qb5 Qc5 34. Qxc5
Rxc5 35. Rd3 b5 36. axb5 Rxb5 37. Ra1 Re8 38. Kf1 h5 39. Ra4 Rc5 40. Nxd4 Rc1+
41. Kg2 Bxd4 42. Rdxd4 Rxe2 43. Rxa5 Rcc2 44. Rf4 Re7 45. Rb5 Rb2 46. h3 Kg7 47.
g4 hxg4 48. hxg4 Rc7 49. g5 Rd7 50. Kg3 Rb1 51. Rfb4 Rd3+ 52. Kg2 Rb2 53. Rb6
Rdd2 54. Rf4 Rd5 55. Rb7 Rxg5+ 56. Kf3 Rf5 57. Rxf5 gxf5 58. Rb6 f4 59. b4 f6
60. Rb8 Kg6 61. Kxf4 Rxf2+ 62. Ke3 Rb2 63. b5 Kf5 64. Kd4 Kg4 65. b6 f5 66. Kc5
f4 67. b7 f3 68. Rg8+ Kh3 69. b8=Q Rxb8 70. Rxb8 f2 71. Rf8 Kg2 72. Kd4 1/2-1/2

[Event "Belt and Road Hunan Op A"]
[Site "Changsha CHN"]
[Date "2019.08.03"]
[Round "6.23"]
[White "Zou, Chen"]
[Black "Dai, Changren"]
[Result "0-1"]
[WhiteTitle "FM"]
[BlackTitle "IM"]
[WhiteElo "2440"]
[BlackElo "2510"]
[WhiteFideId "8610959"]
[BlackFideId "8608156"]
[EventDate "2019.07.29"]

1. d4 Nf6 2. c4 e6 3. Nf3 Bb4+ 4. Nbd2 O-O 5. a3 Be7 6. e4 d6 7. Bd3 e5 8. d5 a5
9. Nb1 Na6 10. Nc3 Bd7 11. Be3 Ng4 12. Bd2 Nc5 13. Bc2 a4 14. h3 Nf6 15. Be3 b6
16. Nd2 Qe8 17. g4 Kh8 18. Qe2 Ng8 19. h4 Qd8 20. g5 Qc8 21. O-O-O f5 22. exf5
Bxf5 23. Bxf5 Qxf5 24. Bxc5 bxc5 25. Nde4 Qd7 26. Rd3 Rf4 27. Rf3 Raf8 28. Rxf4
Rxf4 29. Qe3 Qg4 30. Kd2 Bd8 31. Qe2 Qd7 32. Qd1 Qf5 33. Qe2 Ne7 34. Qd3 Ng6 35.
Qh3 Qf8 36. Qd7 Nxh4 37. Qxa4 Nf3+ 38. Kc2 Nxg5 39. Nxg5 Bxg5 40. Qb5 Rxf2+ 41.
Kb3 h6 42. a4 Qf5 43. a5 Qc2+ 44. Ka3 Bc1 45. Nd1 Rf4 46. a6 Qb1 47. Rh3 Kh7 48.
Nc3 Qa1+ 49. Na2 Bd2 50. Qb3 Bb4+ 51. Ka4 e4 52. Kb5 Rf8 53. a7 Ra8 54. Ka6 Qf1
55. Nxb4 cxb4 56. Qe3 Qf5 57. Rh4 Qc8+ 58. Ka5 Qd8 59. Rxe4 c5+ 60. Ka6 Qc7 61.
Kb5 Qb7+ 62. Ka4 Qxa7+ 0-1

[Event "Belt and Road Hunan Op A"]
[Site "Changsha CHN"]
[Date "2019.08.03"]
[Round "6.24"]
[White "Adhiban, Baskaran"]
[Black "Chen, Qi b"]
[Result "1/2-1/2"]
[WhiteTitle "GM"]
[BlackTitle "IM"]
[WhiteElo "2665"]
[BlackElo "2414"]
[WhiteFideId "5018471"]
[BlackFideId "8614733"]
[EventDate "2019.07.29"]

1. Nf3 Nf6 2. c4 e6 3. g3 d5 4. Bg2 dxc4 5. Qc2 a6 6. O-O c5 7. Ne5 Ra7 8. a4 b6
9. Na3 Bb7 10. Naxc4 Bxg2 11. Kxg2 Nc6 12. Nxc6 Qd5+ 13. Kg1 Qxc6 14. d4 Be7 15.
Ne5 Qb7 16. dxc5 Bxc5 17. b4 Bd4 18. Nc6 Bxa1 19. Nxa7 O-O 20. Nc6 Nd5 21. b5
axb5 22. axb5 Bf6 23. e4 Nc7 24. Rd1 Nxb5 25. e5 Be7 26. Nxe7+ Qxe7 27. Be3 Nc7 1/2-1/2

[Event "Belt and Road Hunan Op A"]
[Site "Changsha CHN"]
[Date "2019.08.03"]
[Round "6.25"]
[White "Batsiashvili, Nino"]
[Black "Najer, Evgeniy"]
[Result "1/2-1/2"]
[WhiteTitle "GM"]
[BlackTitle "GM"]
[WhiteElo "2433"]
[BlackElo "2678"]
[WhiteFideId "13602993"]
[BlackFideId "4118987"]
[EventDate "2019.07.29"]

1. c4 e5 2. Nc3 Nf6 3. Nf3 Nc6 4. e4 Bb4 5. d3 d6 6. a3 Bxc3+ 7. bxc3 O-O 8. g3
Bd7 9. Bg2 Qc8 10. Bg5 Ne8 11. Nh4 Bh3 12. O-O Bxg2 13. Kxg2 f6 14. Be3 Ne7 15.
f4 Qd7 16. Qb3 b6 17. f5 Rf7 18. Rad1 Nc6 19. g4 Na5 20. Qa2 b5 21. cxb5 Qxb5
22. Nf3 Qb3 23. Qxb3 Nxb3 24. Rb1 Nc5 25. Ne1 Rd7 26. c4 a6 27. Rf2 Rdd8 28.
Rfb2 Kf7 29. Kf3 Ke7 30. h4 Nd7 31. Nc2 c5 32. Bd2 Rdb8 33. Ne3 Rxb2 34. Rxb2
Rb8 35. Nd5+ Kf7 36. Rxb8 1/2-1/2

[Event "Belt and Road Hunan Op A"]
[Site "Changsha CHN"]
[Date "2019.08.03"]
[Round "6.31"]
[White "Xie, Jianjun"]
[Black "Yeoh, Li Tian"]
[Result "0-1"]
[WhiteTitle "FM"]
[BlackTitle "IM"]
[WhiteElo "2417"]
[BlackElo "2528"]
[WhiteFideId "8600953"]
[BlackFideId "5702895"]
[EventDate "2019.07.29"]

1. e4 d6 2. d4 Nf6 3. Nc3 g6 4. Nf3 Bg7 5. h3 O-O 6. Be3 a6 7. a4 Nc6 8. d5 Nb4
9. Bc4 a5 10. O-O c6 11. Re1 Qc7 12. Bb3 e5 13. dxe6 Bxe6 14. Bxe6 fxe6 15. e5
dxe5 16. Ng5 Rfe8 17. Nce4 Nfd5 18. Bc5 Rad8 19. Qe2 b6 20. Bxb4 axb4 21. Qg4
Qe7 22. a5 b5 23. g3 h6 24. Nf3 Qf8 25. Kg2 Qf5 26. Nh4 Qxg4 27. hxg4 g5 28. Nf3
Ra8 29. Nfd2 Bf8 30. Nb3 Kf7 31. Nec5 Bg7 32. Nd3 Ke7 33. Nbc5 Kd6 34. f3 Ra7
35. Ne4+ Kc7 36. Nec5 Kd6 37. a6 Kc7 38. Nb7 Kb6 39. Ndc5 Re7 40. Re4 Nc7 41. b3
Nxa6 42. Rxa6+ Rxa6 43. Nxa6 Kxa6 44. Nc5+ Kb6 45. Nd3 c5 46. Nxe5 Kc7 47. Ng6
Re8 48. f4 Kd6 49. f5 Kd5 50. Kf3 Bf6 51. Re1 c4 52. Rd1+ Kc5 53. Re1 Kd4 54.
fxe6 Kc3 55. Re4 Kxc2 56. bxc4 b3 57. Re2+ Kd1 58. cxb5 b2 59. Rxb2 Bxb2 60. e7
Bf6 0-1

[Event "Belt and Road Hunan Op A"]
[Site "Changsha CHN"]
[Date "2019.08.04"]
[Round "7.5"]
[White "Vallejo Pons, Francisco"]
[Black "Megaranto, Susanto"]
[Result "1-0"]
[WhiteTitle "GM"]
[BlackTitle "GM"]
[WhiteElo "2687"]
[BlackElo "2545"]
[WhiteFideId "2205530"]
[BlackFideId "7101384"]
[EventDate "2019.07.29"]

1. e4 d5 2. exd5 Qxd5 3. Nc3 Qa5 4. d4 c6 5. Nf3 Bf5 6. Ne5 Nd7 7. Nc4 Qd8 8. d5
e6 9. dxc6 bxc6 10. g4 Bg6 11. Bg2 Rc8 12. h4 h6 13. Be4 Bxe4 14. Nxe4 Ra8 15.
Qf3 Ngf6 16. Nxf6+ gxf6 17. Bf4 Qc8 18. O-O-O Nb6 19. Nd6+ Bxd6 20. Bxd6 Nd7 21.
Rd2 Rg8 22. Rhd1 a5 23. Qe3 Rg6 24. Ba3 1-0

[Event "Belt and Road Hunan Op A"]
[Site "Changsha CHN"]
[Date "2019.08.04"]
[Round "7.6"]
[White "Zhao, Jun"]
[Black "Anton Guijarro, David"]
[Result "1/2-1/2"]
[WhiteTitle "GM"]
[BlackTitle "GM"]
[WhiteElo "2636"]
[BlackElo "2678"]
[WhiteFideId "8602522"]
[BlackFideId "2285525"]
[EventDate "2019.07.29"]

1. d4 Nf6 2. c4 e6 3. Nc3 Bb4 4. Qc2 O-O 5. Nf3 d6 6. Bd2 b6 7. e4 c5 8. a3 Bxc3
9. Bxc3 cxd4 10. Nxd4 e5 11. Ne2 Be6 12. Ng3 Qc7 13. Be2 Nc6 14. O-O b5 15. f4
bxc4 16. fxe5 dxe5 17. Rxf6 gxf6 18. Qd2 Kh8 19. Qh6 Qe7 20. Nh5 Rg8 21. Nxf6
Rg7 22. Rf1 Qc5+ 23. Kh1 Nd4 24. Bb4 Qc6 25. Bf3 Rb8 26. Be7 c3 27. Nd5 cxb2 28.
Bf6 Rg8 29. Qd2 Bxd5 30. Bxg7+ Rxg7 31. exd5 Nxf3 32. Qxb2 Qxd5 33. gxf3 a5 34.
Qe2 Rg6 35. Rd1 Qc5 36. a4 Kg7 37. Qe4 Qc3 38. Re1 Re6 39. Rg1+ Rg6 40. Re1 Kf6
41. f4 exf4 42. Qxf4+ Kg7 43. Qe5+ Qxe5 44. Rxe5 Ra6 45. Kg2 Kg6 46. Kg3 f6 47.
Rb5 Ra7 1/2-1/2

[Event "Belt and Road Hunan Op A"]
[Site "Changsha CHN"]
[Date "2019.08.04"]
[Round "7.9"]
[White "Xu, Xiangyu"]
[Black "Naiditsch, Arkadij"]
[Result "1/2-1/2"]
[WhiteTitle "GM"]
[BlackTitle "GM"]
[WhiteElo "2585"]
[BlackElo "2681"]
[WhiteFideId "8608288"]
[BlackFideId "4650891"]
[EventDate "2019.07.29"]

1. e4 e5 2. Nf3 Nc6 3. d4 exd4 4. Nxd4 Nf6 5. Nxc6 bxc6 6. e5 Qe7 7. Qe2 Nd5 8.
c4 Nb6 9. Nc3 Qe6 10. Qe4 Bb4 11. Bd2 Ba6 12. b3 Bxc3 13. Bxc3 d5 14. Qh4 dxc4
15. Be2 Nd5 16. Bxc4 g5 17. Qd4 Bxc4 18. Qxc4 O-O-O 19. O-O-O Nxc3 20. Qxc3 Rd5
21. Rxd5 cxd5 22. Qe3 Qb6 23. Rd1 Rd8 24. Qxb6 axb6 25. Rd3 d4 26. Rf3 Rd5 27.
Rxf7 Rxe5 28. Kd2 h5 1/2-1/2

[Event "Belt and Road Hunan Op A"]
[Site "Changsha CHN"]
[Date "2019.08.04"]
[Round "7.14"]
[White "Zhou, Jianchao"]
[Black "Lagno, Kateryna"]
[Result "1/2-1/2"]
[WhiteTitle "GM"]
[BlackTitle "GM"]
[WhiteElo "2608"]
[BlackElo "2549"]
[WhiteFideId "8603537"]
[BlackFideId "14109336"]
[EventDate "2019.07.29"]

1. d4 d5 2. Bf4 Nf6 3. e3 c5 4. dxc5 Qa5+ 5. Nd2 Nc6 6. Nf3 Qxc5 7. a3 Qb6 8. b4
g6 9. c4 Bg7 10. Rc1 dxc4 11. Bxc4 Nh5 12. Qb3 O-O 13. Bxf7+ Rxf7 14. Ng5 e6 15.
Nc4 Qd8 16. Nxf7 Kxf7 17. Nd6+ Kg8 18. Nxc8 Nxf4 19. exf4 Rxc8 20. Qxe6+ Kh8 21.
O-O Qf8 22. Rfe1 Rd8 23. Rc4 a6 24. h4 Bf6 25. g3 Nd4 26. Qe4 Qf7 27. Rec1 Rd7
28. Rc8+ Kg7 29. Qe8 Nc6 30. Qxf7+ Kxf7 31. Rb1 Na7 32. Rcc1 Nb5 33. Rb3 h5 34.
Kg2 Rd2 35. a4 Nd6 36. Rc7+ Kf8 37. Re3 Bd4 38. Re6 Nf5 39. Rxg6 Rxf2+ 40. Kh3
Rf1 41. Rc2 Ne3 42. Re2 Rh1+ 43. Rh2 Rb1 44. b5 axb5 45. axb5 Rxb5 46. Rg5 Rc5
47. Rd2 Rc1 48. Rxh5 Rh1+ 49. Rh2 Rb1 50. Rh7 Bg7 51. Rh5 b5 52. Rc5 b4 53. Rb5
b3 54. h5 Kg8 55. Rb8+ Kh7 56. Rb7 Kg8 57. Rb8+ Kh7 58. Rb7 Kg8 59. g4 b2 60. h6
Bxh6 61. Rhxb2 Rxb2 62. Rxb2 Bxf4 1/2-1/2

[Event "Belt and Road Hunan Op A"]
[Site "Changsha CHN"]
[Date "2019.08.04"]
[Round "7.23"]
[White "Najer, Evgeniy"]
[Black "Xiang, Zeyu"]
[Result "1-0"]
[WhiteTitle "GM"]
[BlackTitle "IM"]
[WhiteElo "2678"]
[BlackElo "2447"]
[WhiteFideId "4118987"]
[BlackFideId "8608547"]
[EventDate "2019.07.29"]

1. d4 d5 2. c4 e6 3. g3 dxc4 4. Bg2 c5 5. Qa4+ Bd7 6. Qxc4 Bc6 7. Nf3 Nd7 8. O-O
Ngf6 9. Be3 Qa5 10. Nbd2 cxd4 11. Nb3 Qd5 12. Qxd5 Bxd5 13. Nfxd4 Bxg2 14. Kxg2
Nd5 15. Rac1 Nxe3+ 16. fxe3 Bd6 17. Na5 b6 18. Nac6 a6 19. Rfd1 Be5 20. b4 Bf6
21. Nf3 g5 22. Nd2 Be7 23. Ne4 Rc8 24. Na7 Rxc1 25. Rxc1 Kf8 26. Rc7 Ne5 27. Nc6
Nxc6 28. Rxc6 Kg7 29. Rxb6 Rc8 30. a3 Rc4 31. Nd6 Bxd6 32. Rxd6 a5 33. b5 Rc2
34. Kf3 a4 35. Ra6 Rb2 36. b6 Rb3 37. Ke4 Rxa3 38. Kd4 Rb3 39. Kc5 a3 40. Kc6
Rc3+ 41. Kd7 Rb3 42. Kc7 Rc3+ 43. Kb8 Rxe3 44. b7 Rxe2 45. Rxa3 Rb2 46. Kc7 Rc2+
47. Kb6 Rb2+ 48. Ka7 e5 49. b8=Q Rxb8 50. Kxb8 Kf6 51. g4 e4 52. Ra5 e3 53. Rf5+
Kg6 54. Re5 h5 55. h3 hxg4 56. hxg4 1-0

[Event "Belt and Road Hunan Op A"]
[Site "Changsha CHN"]
[Date "2019.08.04"]
[Round "7.27"]
[White "Gusain, Himal"]
[Black "Lou, Yiping"]
[Result "1-0"]
[WhiteTitle "IM"]
[BlackTitle "IM"]
[WhiteElo "2407"]
[BlackElo "2489"]
[WhiteFideId "5033861"]
[BlackFideId "8603928"]
[EventDate "2019.07.29"]

1. Nf3 d5 2. e3 Nf6 3. c4 c6 4. Nc3 e6 5. d4 Nbd7 6. b3 Bb4 7. Bd2 O-O 8. Be2 b6
9. O-O Bd6 10. a4 Bb7 11. Qb1 c5 12. a5 Ne4 13. Nb5 Bb8 14. a6 Bc6 15. cxd5 Bxd5
16. Rd1 Ndf6 17. Be1 Qe7 18. Ne5 cxd4 19. exd4 Nd7 20. f3 Nef6 21. f4 Be4 22.
Qc1 Nd5 23. Qd2 Qe8 24. Bg3 f6 25. Nc4 Qe7 26. Re1 f5 27. Ne5 Rc8 28. Rec1 Rxc1+
29. Rxc1 Bd6 30. Nc6 Qf8 31. Nbxa7 Nb4 32. Bc4 Kh8 33. Bxe6 Nc5 34. dxc5 Bxc5+
35. Rxc5 bxc5 36. Nxb4 Rxa7 37. Nd3 Rxa6 38. Bc4 Ra1+ 39. Ne1 h6 40. h3 Qa8 41.
Bh4 Kh7 42. Bf1 Rb1 43. Bf2 Rxb3 44. Bxc5 Rb1 45. Bf2 Qb8 46. Bd4 Qd8 47. Kf2
Qd6 48. Qe3 Rd1 49. Bc3 Qc6 50. Be2 Rb1 51. Bd4 Qb7 52. Nf3 Rb4 53. Bc3 Ra4 54.
Qd2 Qa7+ 55. Kg3 Ra2 56. Qd1 Qc7 57. Be5 Qa7 58. Kh2 Qb7 59. Ne1 Qa7 60. Bf3
Bxf3 61. Qxf3 Ra3 62. Qh5 Qd7 63. Nf3 Ra8 64. Nh4 Rf8 65. Qg6+ Kg8 66. Nf3 Qf7
67. Qg3 Qd7 68. Nd4 Re8 69. Qd3 g6 70. Qc4+ Kh7 71. Nf3 Qe6 72. Qd4 Re7 73. Qf2
Kg8 74. Qh4 h5 75. Ng5 Qd7 76. Qg3 Qd5 77. Qc3 Qd7 78. Qb3+ Kf8 79. Qb6 1-0

[Event "Belt and Road Hunan Op A"]
[Site "Changsha CHN"]
[Date "2019.08.04"]
[Round "7.28"]
[White "Wang, Chen"]
[Black "Zou, Chen"]
[Result "1-0"]
[WhiteTitle "IM"]
[BlackTitle "FM"]
[WhiteElo "2476"]
[BlackElo "2440"]
[WhiteFideId "8601020"]
[BlackFideId "8610959"]
[EventDate "2019.07.29"]

1. e4 c5 2. Nf3 d6 3. Bb5+ Nd7 4. c3 Nf6 5. Qe2 a6 6. Ba4 b5 7. Bc2 Bb7 8. O-O
e6 9. d4 Be7 10. Nbd2 O-O 11. Re1 Qc7 12. Nf1 Rac8 13. Bd3 Rfe8 14. Ng3 Bf8 15.
h3 e5 16. d5 c4 17. Bc2 a5 18. Be3 Ba6 19. Nh2 g6 20. Ng4 Nxg4 21. hxg4 b4 22.
Ba4 Rb8 23. Rec1 Rec8 24. Bc6 Nc5 25. Bxc5 dxc5 26. Nf1 Bh6 27. Ne3 Rb6 28. Rd1
Rcb8 29. Nxc4 bxc3 30. bxc3 Qd8 31. a4 Bxc4 32. Qxc4 Qh4 33. Qe2 Bf4 34. g3 Bxg3
35. fxg3 Qxg3+ 36. Qg2 Qe3+ 37. Qf2 Qxe4 38. Bb5 Qxg4+ 39. Qg2 Qf4 40. Rf1 Qe3+
41. Qf2 Qg5+ 42. Qg2 Qe3+ 43. Qf2 Qg5+ 44. Kh1 Qe7 45. Rae1 f5 46. Qg3 Rf8 47.
Rxe5 Qg7 48. Rfe1 f4 49. Qh4 h5 50. Re6 Rxe6 51. dxe6 Qb7+ 52. Kg1 f3 53. e7 f2+
54. Qxf2 Rxf2 55. Kxf2 1-0

[Event "Belt and Road Hunan Op A"]
[Site "Changsha CHN"]
[Date "2019.08.05"]
[Round "8.6"]
[White "Anton Guijarro, David"]
[Black "Sethuraman, S.P."]
[Result "1-0"]
[WhiteTitle "GM"]
[BlackTitle "GM"]
[WhiteElo "2678"]
[BlackElo "2630"]
[WhiteFideId "2285525"]
[BlackFideId "5021596"]
[EventDate "2019.07.29"]

1. c4 Nf6 2. Nf3 c5 3. Nc3 Nc6 4. e3 e6 5. d4 d5 6. cxd5 exd5 7. Bb5 cxd4 8.
exd4 Bd6 9. O-O O-O 10. Bg5 Bg4 11. Be2 Be6 12. Re1 h6 13. Bh4 g5 14. Bg3 Bxg3
15. hxg3 Ne4 16. Bb5 Nxc3 17. bxc3 Rc8 18. Qd2 Bf5 19. Re3 a6 20. Bd3 Qd7 21.
Bxf5 Qxf5 22. Rae1 f6 23. Nh2 Kg7 24. g4 Qd7 25. Qe2 f5 26. Re6 f4 27. Nf3 Rf6
28. Rxf6 Kxf6 29. c4 Kg7 30. Qb2 Rc7 31. Qb6 Qd6 32. cxd5 1-0